Acta Zoologica Universitatis Comenianae

Bibliographic Details
Previous Title:Acta Facultatis Rerum Naturalium Universitatis Comenianae. Zoologia
Corporate Author: Univerzita Komenského v Bratislave. Prírodovedecká fakulta
Format: Journal
Language:English
English, Old (ca. 450-1100)
Published: Bratislava Univerzita Komenského 1992-
Subjects:

MARC

LEADER 00000cas a2200000 a 4500
001 vtls001472133
003 SK-MaSNL
005 20260310142600.0
008 040329c19929999xo x|p 0 0b0eng
015 |a SNBB2005/02-00624 (Vol. 44/2002)  |a SNBB2007/03-01197 (Vol. 45/2003)  |a SNBA1994/02 - (37/1993)  |a SNBA1996/1103025 - (39/1995)  |a SNBA1997/0701973 - (40/1996)  |a SNBA1998/04-01194 - (41/1997)  |a SNBA2000/04-01288 -(42/1998)  |a SNBA2001/03-00921 - (43/1999) 
020 |a 8022304751 (brož. : 36/1992) 
020 |a 8022306576 (brož. : 37/1993) 
020 |a 8022309567 (brož. : 39/1995) 
020 |a 8022310964 (brož. : 40/1996) 
020 |a 8022308889 (brož. : 41/1997) 
020 |a 8022313548 (brož. : 42/1998) 
020 |a 8022314471 (brož. : 43/1999) 
020 |a 8022317195 (brož. : 44/2002) 
020 |a 8022317977 (brož. : 45/2003) 
035 |a SNK000427435 
040 |a SNK  |b slo  |c SNK  |e AACR2 
041 0 |a alo  |a ang  |b slo 
044 |a xo  |c SK 
072 7 |a 59  |x Zoológia  |2 konspekt 
080 |a (082)  |2 2001 
080 |a 59  |2 2001 
210 0 |a Acta zool. Univ. Comen. 
222 0 |a Acta zoologica Universitatis Comenianae 
245 0 0 |a Acta Zoologica Universitatis Comenianae 
260 |a Bratislava  |b Univerzita Komenského  |c 1992- 
300 |a zv.  |b grafy, mp., tab.  |c 24 cm 
310 |a Nepravidelne 
362 |a 36 (1992)- 
504 |a Bibliogr. odkazy 
546 |a Text v angl.; res. v slov. 
650 0 7 |a zoológia  |2 SNKPH  |9 699 
650 0 7 |a Zoology  |2 SNKPHeng  |9 266278 
655 7 |a zborníky  |2 SNKPH  |9 70165 
655 7 |a Papers of several authors  |2 SNKPHeng  |9 153738 
710 2 |a Univerzita Komenského v Bratislave.  |b Prírodovedecká fakulta 
780 0 0 |t Acta Facultatis Rerum Naturalium Universitatis Comenianae. Zoologia  |x 0524-2363  |w vtls008881993 
910 |a snk 
916 |a 1992,1993,1995-1999,2002,2003 
919 |a 80-22-30475-1 
919 |a 80-223-0657-6 
919 |a 80-223-0956-7 
919 |a 80-223-1096-4 
919 |a 80-223-0888-9 
919 |a 80-223-1354-8 
919 |a 80-223-1447-1 
919 |a 80-223-1719-5 
919 |a 80-223-1797-7 
958 |a NB 
999 |c 2017  |d 3947 
952 |t R. 1996  |a SNK  |b SNK  |y NEVYP  |7 0  |o snkC 655  |i snk1220/970318  |0 0  |1 0  |4 0  |d 1997-03-14  |l 0  |r 2005-01-02 00:00:00  |w 2026-02-21 
952 |a SNK  |b SNK  |y PREZ  |7 0  |p 17A0075635  |o snkČSC 979/40/1996  |i snkKSP 2842/97  |8 0  |f 1  |0 0  |1 0  |4 0  |d 1997-03-14  |l 0  |r 2005-01-02 00:00:00  |w 2026-02-21 
952 |a SNK  |b SNK  |y PREZ  |7 0  |p 17A0055393  |o snkČSC 979/40/1996 D1  |i snkKSP 2843/97  |8 0  |0 0  |1 0  |4 0  |d 1997-03-14  |l 0  |r 2005-01-02 00:00:00  |w 2026-02-21 
952 |a SNK  |b SNK  |y PREZ  |7 0  |p 17A0228282  |o snkČSC 979/42/1998 D1  |i snkKSP 1806/2000  |0 0  |1 0  |4 0  |d 2000-02-10  |l 0  |r 2005-01-02 00:00:00  |w 2026-02-21 
952 |a SNK  |b SNK  |y PREZ  |7 0  |p 17A0367509  |o snkČSC 979/44/2002  |i snkPV 328/2004  |f 1  |0 0  |1 0  |4 0  |d 2004-03-29  |l 0  |r 2005-01-02 00:00:00  |w 2026-02-21 
952 |a SNK  |b SNK  |y PREZ  |7 0  |p 17A0431462  |o snkČSC 979/45/2003  |i snkPV 1121/2004  |f 1  |0 0  |1 0  |4 0  |d 2004-08-20  |l 0  |r 2005-01-02 00:00:00  |w 2026-02-21 
952 |t Vol. 45  |a SNK  |b SNK  |y PREZ  |7 0  |p 17A0431463  |o snkČSC 979/45/2003 D1  |i snkPV 1122/2004  |0 0  |1 0  |4 0  |d 2004-08-20  |l 0  |r 2005-01-02 00:00:00  |w 2026-02-21 
952 |a SNK  |b SNK  |y PREZ  |7 0  |p 17A0011815  |o snkČSC 979/39/1995 D1  |i snkKSP 7909/96  |0 0  |1 0  |4 0  |d 1996-09-27  |l 0  |r 2005-01-01 00:00:00  |w 2026-02-21 
952 |a SNK  |b SNK  |y PREZ  |7 0  |p 17A0228281  |o snkČSC 979/42/1998  |i snkKSP 1805/2000  |f 1  |0 0  |1 0  |4 0  |d 2000-02-10  |l 0  |r 2005-01-02 00:00:00  |w 2026-02-21 
952 |a SNK  |b SNK  |y PREZ  |7 0  |p 17A0210402  |o snkČSC 979/37/1993 D1  |0 0  |1 0  |4 0  |d 1999-09-10  |l 0  |r 2004-12-31 00:00:00  |w 2026-02-21 
952 |a SNK  |b SNK  |y PREZ  |7 0  |p 17A0126011  |o snkČSC 979/41/1997  |i snkKSP 1283/98  |f 1  |0 0  |1 0  |4 0  |d 1998-02-09  |l 0  |r 2005-01-02 00:00:00  |w 2026-02-21 
952 |a SNK  |b SNK  |y PREZ  |7 0  |p 17A0122145  |o snkČSC 979/41/1997 D1  |i snkKSP 1284/98  |0 0  |1 0  |4 0  |d 1998-02-09  |l 0  |r 2005-01-02 00:00:00  |w 2026-02-21 
952 |a SNK  |b SNK  |y PREZ  |7 0  |p 17A0264454  |o snkČSC 979/43/1999  |i snkKSP 235/2001  |f 1  |0 0  |1 0  |4 0  |d 2001-01-05  |l 0  |r 2005-01-02 00:00:00  |w 2026-02-21 
952 |a SNK  |b SNK  |y PREZ  |7 0  |p 17A0264455  |o snkČSC 979/43/1999 D1  |i snkKSP 236/2001  |0 0  |1 0  |4 0  |d 2001-01-05  |l 0  |r 2005-01-02 00:00:00  |w 2026-02-21 
952 |a SNK  |b SNK  |y PREZ  |7 0  |p 17A0812781  |o snkČSC 979/36/1992  |i snkKSP 1343/93  |f 1  |0 0  |1 0  |4 0  |d 2015-01-14  |l 0  |r 2026-02-21 20:52:11  |w 2026-02-21 
952 |a SNK  |b SNK  |y PREZ  |7 0  |p 17A0812782  |o snkČSC 979/37/1993  |i snkKSP 1318/94  |f 1  |0 0  |1 0  |4 0  |d 2015-01-14  |l 0  |r 2026-02-21 20:52:11  |w 2026-02-21 
952 |a SNK  |b SNK  |y PREZ  |7 0  |p 17A0011813  |o snkČSC 979/39/1995  |i snkKSP 7908/96  |f 1  |0 0  |1 0  |4 0  |d 1996-09-27  |l 0  |r 2005-01-01 00:00:00  |w 2026-02-21